[Event "TUR-chT 2nd League"]
[Site "Konya"]
[Date "2022.08.25"]
[Round "5.13"]
[White "Aygun, Helin Beren"]
[Black "Erdal, Eylul"]
[Result "1-0"]
[WhiteElo "1401"]
[BlackElo "1177"]
[PlyCount "53"]
[EventDate "2022.08.22"]
[EventType "team-swiss"]
[EventRounds "9"]
[EventCountry "TUR"]
[SourceTitle "CBM 210 Extra"]
[Source "ChessBase"]
[SourceDate "2022.11.30"]
[SourceVersion "1"]
[SourceVersionDate "2022.11.30"]
[SourceQuality "1"]
[WhiteTeam "Konya Erkin"]
[BlackTeam "Samsun Gercek"]
[WhiteTeamCountry "TUR"]
[BlackTeamCountry "TUR"]

1. e4 e5 2. Nf3 Nc6 3. Bb5 a6 4. Ba4 Nf6 5. d3 Bc5 6. 0-0 d6 7. c3 0-0 8. h3 h6 9. Re1 b5 10. Bc2 Re8 11. d4 exd4 12. cxd4 Bb6 13. a3 Bb7 14. Nc3 Qd7 15. Bf4 Rad8 16. Qd2 Qc8 17. Bxh6 gxh6 18. Qxh6 Bxd4 19. Nxd4 Nxd4 20. Re3 Nf5 21. exf5 Rxe3 22. fxe3 Qd7 23. Qxf6 Qe8 24. Qg5+ Kh8 25. Qh6+ Kg8 26. f6 Qf8 27. Qh7# 1-0

[Event "TUR-chT 2nd League"]
[Site "Konya"]
[Date "2022.08.23"]
[Round "2.14"]
[White "Sahin, Dilem"]
[Black "Aygun, Helin Beren"]
[Result "1/2-1/2"]
[WhiteElo "1280"]
[BlackElo "1401"]
[PlyCount "61"]
[EventDate "2022.08.22"]
[EventType "team-swiss"]
[EventRounds "9"]
[EventCountry "TUR"]
[SourceTitle "CBM 210 Extra"]
[Source "ChessBase"]
[SourceDate "2022.11.30"]
[SourceVersion "1"]
[SourceVersionDate "2022.11.30"]
[SourceQuality "1"]
[WhiteTeam "Altin Hamle Corum"]
[BlackTeam "Konya Erkin"]
[WhiteTeamCountry "TUR"]
[BlackTeamCountry "TUR"]

1. d4 d5 2. Nf3 Nf6 3. e3 e6 4. Bd3 Bd6 5. b3 b6 6. Bb2 Bb7 7. Nbd2 0-0 8. 0-0 Nbd7 9. Ne5 Qe7 10. f4 Ne4 11. Nxe4 dxe4 12. Be2 a5 13. c4 Rfd8 14. Qc2 f6 15. Nxd7 Rxd7 16. f5 e5 17. Rac1 exd4 18. exd4 c5 19. d5 Qe8 20. a4 Re7 21. Rce1 Rd8 22. Qd1 Qd7 23. Bh5 Qc7 24. g3 Bxg3 25. hxg3 Qxg3+ 26. Kh1 Qh3+ 27. Kg1 Qg3+ 28. Kh1 Qh3+ 29. Kg1 Qg3+ 30. Kh1 Qh3+ 31. Kg1 1/2-1/2

[Event "EU-ch Hybrid U16 Girls"]
[Site "Tornelo INT"]
[Date "2021.10.15"]
[Round "7"]
[White "Aygun, Helin Beren"]
[Black "Ajradinoska, Indzi"]
[Result "1/2-1/2"]
[WhiteElo "1325"]
[BlackElo "1190"]
[PlyCount "75"]
[EventDate "2021.10.15"]
[EventType "swiss"]
[EventRounds "9"]
[EventCountry "NET"]
[SourceTitle "EXT 2023"]
[Source "ChessBase"]
[SourceDate "2022.10.05"]
[SourceVersion "1"]
[SourceVersionDate "2022.10.05"]
[SourceQuality "1"]
[WhiteTeam "Turkey"]
[BlackTeam "Macedonia"]
[WhiteTeamCountry "TUR"]
[BlackTeamCountry "MKD"]

1. e4 e6 2. d4 d5 3. exd5 exd5 4. Nf3 Nf6 5. Bd3 Bg4 6. Qe2+ Be7 7. h3 Bh5 8. Be3 Nbd7 9. g4 Bg6 10. Nbd2 c6 11. 0-0-0 Qc7 12. Kb1 0-0-0 13. Bxg6 hxg6 14. Nb3 Ne4 15. Nfd2 Nxd2+ 16. Qxd2 Nb6 17. Bf4 Nc4 18. Bxc7 Nxd2+ 19. Nxd2 Kxc7 20. Nf3 Bd6 21. Ng5 Rd7 22. Rde1 Bf4 23. Nf3 Kd6 24. h4 f6 25. c3 Re7 26. Rxe7 Kxe7 27. Kc2 g5 28. Re1+ Kf7 29. hxg5 Rh3 30. Ng1 Rh2 31. gxf6 Kxf6 32. Re2 Rg2 33. Nf3 Rxg4 34. Ne5 Bxe5 35. dxe5+ Ke6 36. Kd3 Rf4 37. b3 c5 38. c4 1/2-1/2

[Event "EU-ch Hybrid U16 Girls"]
[Site "Tornelo INT"]
[Date "2021.10.15"]
[Round "3"]
[White "Aygun, Helin Beren"]
[Black "Palamarevic, Mina"]
[Result "1/2-1/2"]
[WhiteElo "1325"]
[BlackElo "1525"]
[PlyCount "63"]
[EventDate "2021.10.15"]
[EventType "swiss"]
[EventRounds "9"]
[EventCountry "NET"]
[SourceTitle "EXT 2023"]
[Source "ChessBase"]
[SourceDate "2022.10.05"]
[SourceVersion "1"]
[SourceVersionDate "2022.10.05"]
[SourceQuality "1"]
[WhiteTeam "Turkey"]
[BlackTeam "Serbia"]
[WhiteTeamCountry "TUR"]
[BlackTeamCountry "SRB"]

1. e4 Nf6 2. e5 Nd5 3. d4 d6 4. Nf3 g6 5. c4 Nb6 6. exd6 cxd6 7. h3 Bg7 8. Be2 0-0 9. Nc3 N8d7 10. Be3 Nf6 11. 0-0 Qc7 12. Nb5 Qd8 13. Rc1 Bd7 14. Nc3 Rc8 15. b3 Bf5 16. Qd2 Re8 17. Rfd1 Ne4 18. Nxe4 Bxe4 19. Ng5 Bc6 20. a4 Na8 21. f4 h6 22. Nf3 f5 23. Nh2 Kh7 24. d5 Bd7 25. Bd4 Bxd4+ 26. Qxd4 Qa5 27. Rd3 Nc7 28. Qb2 Qb6+ 29. Qd4 Qa5 30. Qa1 Na6 31. h4 Nc5 32. Re3 1/2-1/2

[Event "EU-ch Hybrid U16 Girls"]
[Site "Tornelo INT"]
[Date "2021.10.15"]
[Round "9"]
[White "Dietz, Kristin"]
[Black "Aygun, Helin Beren"]
[Result "1/2-1/2"]
[WhiteElo "1924"]
[BlackElo "1325"]
[PlyCount "94"]
[EventDate "2021.10.15"]
[EventType "swiss"]
[EventRounds "9"]
[EventCountry "NET"]
[SourceTitle "EXT 2023"]
[Source "ChessBase"]
[SourceDate "2022.10.05"]
[SourceVersion "1"]
[SourceVersionDate "2022.10.05"]
[SourceQuality "1"]
[WhiteTeam "Germany"]
[BlackTeam "Turkey"]
[WhiteTeamCountry "GER"]
[BlackTeamCountry "TUR"]

1. e4 e5 2. Nf3 Nc6 3. Bb5 a6 4. Ba4 Nf6 5. 0-0 Nxe4 6. d4 b5 7. Bb3 d5 8. dxe5 Be6 9. Qe2 Be7 10. Rd1 0-0 11. c4 bxc4 12. Bxc4 Bc5 13. Be3 Bxe3 14. Qxe3 Nb4 15. Na3 Qe7 16. Bb3 c5 17. Rac1 f5 18. Nd2 f4 19. Qe2 Nxd2 20. Rxd2 f3 21. Qe3 d4 22. Bxe6+ Qxe6 23. Qe4 Qh6 24. Rdd1 Qg5 25. g3 Qh5 26. h4 Rac8 27. Nc2 Nxc2 28. Rxc2 g5 29. Qd5+ Kh8 30. Rxc5 gxh4 31. Rxc8 Rxc8 32. Qxd4 hxg3 33. fxg3 Qh3 34. e6+ Kg8 35. Qf2 Qxe6 36. Qxf3 Rf8 37. Qd5 Qxd5 38. Rxd5 Rf7 39. Rd6 a5 40. b3 Kg7 41. Rd5 Ra7 42. Rf5 Kg6 43. g4 a4 44. b4 Rd7 45. Ra5 Rd1+ 46. Kf2 Rd2+ 47. Ke3 Rxa2 1/2-1/2

[Event "TUR-chT 2nd League"]
[Site "Konya"]
[Date "2019.07.22"]
[Round "1.16"]
[White "Aygun, Helin Beren"]
[Black "Cirdi, Dalya"]
[Result "1-0"]
[WhiteElo "1395"]
[BlackElo "1053"]
[PlyCount "129"]
[EventDate "2019.07.22"]
[EventType "team-swiss"]
[EventRounds "9"]
[EventCountry "TUR"]
[SourceTitle "CBM 191 Extra"]
[Source "ChessBase"]
[SourceDate "2019.09.30"]
[SourceVersion "1"]
[SourceVersionDate "2019.09.30"]
[SourceQuality "1"]
[WhiteTeam "Konya Erkin"]
[BlackTeam "Maras Spor Kulubu"]
[WhiteTeamCountry "TUR"]
[BlackTeamCountry "TUR"]

1. e4 e5 2. Nf3 Nc6 3. Nc3 Nf6 4. d4 exd4 5. Nxd4 Bb4 6. Nxc6 dxc6 7. Qxd8+ Kxd8 8. Bg5 Re8 9. 0-0-0+ Bd7 10. f3 Kc8 11. Ne2 Bc5 12. Nd4 h6 13. Bh4 b5 14. Be2 Nh5 15. Rhe1 Nf4 16. Bf1 Kb7 17. Nxb5 Be6 18. Nc3 Rab8 19. a3 a5 20. Na4 Ba7 21. Rd2 f6 22. Bf2 Ka8 23. Bxa7 Kxa7 24. Nc5 Bc8 25. Red1 Ne6 26. Nb3 a4 27. Nd4 Kb7 28. Nxe6 Bxe6 29. Rd4 Ra8 30. Rb4+ Kc8 31. Bc4 Bxc4 32. Rxc4 Ra6 33. Rdd4 Re7 34. Rxa4 Rxa4 35. Rxa4 Kb7 36. Rb4+ Kc8 37. Rd4 Re8 38. Kd2 Re7 39. Kc3 Kb7 40. b4 Kb6 41. Rc4 Re6 42. a4 Kb7 43. Rd4 Re7 44. f4 Kb6 45. Rc4 Kb7 46. Rd4 Kc8 47. Kb3 Kb7 48. c4 Kb6 49. c5+ Ka6 50. Kc4 Kb7 51. Kd3 Ka6 52. Ke3 Kb7 53. Kf3 Ka6 54. Rd3 Kb7 55. Ke3 Ka6 56. Rb3 Kb7 57. b5 cxb5 58. axb5 Kb8 59. b6 cxb6 60. Rxb6+ Kc7 61. Ra6 Kb7 62. Rd6 Kc7 63. Kd4 Kb7 64. Kd5 Kc7 65. e5 1-0

[Event "TUR-chT 2nd League"]
[Site "Konya"]
[Date "2018.07.21"]
[Round "8.4"]
[White "Sedef, Elif Tuana"]
[Black "Aygun, Helin Beren"]
[Result "0-1"]
[WhiteElo "1428"]
[BlackElo "1332"]
[PlyCount "128"]
[EventDate "2018.07.16"]
[EventType "team-swiss"]
[EventRounds "9"]
[EventCountry "TUR"]
[SourceTitle "EXT 2019"]
[Source "ChessBase"]
[SourceDate "2018.10.10"]
[SourceVersion "1"]
[SourceVersionDate "2018.10.10"]
[SourceQuality "1"]
[WhiteTeam "Mezopotamya"]
[BlackTeam "Konya Erkin"]
[WhiteTeamCountry "TUR"]
[BlackTeamCountry "TUR"]

1. e4 e5 2. Nf3 Nf6 3. Nxe5 d6 4. Nf3 Nxe4 5. Nc3 Nxc3 6. dxc3 Be7 7. Bf4 Nc6 8. Qd2 Be6 9. 0-0-0 Qd7 10. Kb1 h6 11. Be3 0-0-0 12. Bb5 a6 13. Ba4 Qe8 14. Nd4 Bd7 15. Rhe1 Nxd4 16. Bxd7+ Qxd7 17. Qxd4 Bf6 18. Qd5 Rhe8 19. Bd4 Rxe1 20. Rxe1 Re8 21. Be3 Re5 22. Qf3 Qe6 23. Qg3 Qe7 24. Qg4+ Kd8 25. Rd1 Qe6 26. Qf3 Kc8 27. Rd3 Ra5 28. a3 Re5 29. Rd4 Rf5 30. Rf4 Rxf4 31. Qxf4 Bg5 32. Qf3 Bxe3 33. Qxe3 Qxe3 34. fxe3 Kd7 35. Kc1 Ke6 36. Kd2 Ke5 37. Kd3 d5 38. b3 f5 39. a4 g5 40. g3 h5 41. Kd2 Ke4 42. Ke2 c5 43. b4 cxb4 44. cxb4 d4 45. exd4 Kxd4 46. b5 axb5 47. axb5 Kc5 48. Ke3 Kxb5 49. Kd4 f4 50. gxf4 gxf4 51. Ke4 Kc4 52. Kxf4 Kc3 53. Kg5 Kxc2 54. Kxh5 b5 55. h4 b4 56. Kg6 b3 57. h5 b2 58. h6 b1Q 59. Kg7 Qb7+ 60. Kg8 Qc8+ 61. Kg7 Qd7+ 62. Kg8 Qe8+ 63. Kg7 Qe5+ 64. Kg8 Qg5+ 0-1

[Event "TUR-ch (Women)"]
[Site "Antalya"]
[Date "2018.03.07"]
[Round "4"]
[White "Citak, Tuana Umay"]
[Black "Aygun, Helin Beren"]
[Result "1/2-1/2"]
[WhiteElo "1710"]
[BlackElo "1355"]
[PlyCount "124"]
[EventDate "2018.03.05"]
[EventType "swiss"]
[EventRounds "9"]
[EventCountry "TUR"]
[SourceTitle "CBM 183 Extra"]
[Source "ChessBase"]
[SourceDate "2018.04.19"]
[SourceVersion "1"]
[SourceVersionDate "2018.04.19"]
[SourceQuality "1"]

1. e4 e5 2. Nf3 Nc6 3. Bc4 Nf6 4. d3 Be7 5. c3 d6 6. Bb3 Be6 7. Nbd2 Qd7 8. 0-0 Bxb3 9. Qxb3 Rb8 10. Re1 0-0 11. Nf1 Rfe8 12. Ng3 Bf8 13. Bg5 Qe6 14. Qc2 h6 15. Bd2 Qd7 16. Nh4 d5 17. Rad1 Rbd8 18. Nhf5 Kh7 19. Qc1 Ne7 20. Nh4 Qa4 21. Qb1 a6 22. Nf3 dxe4 23. Nxe4 Nxe4 24. Rxe4 Qb5 25. d4 Ng6 26. Rxe5 Rxe5 27. Nxe5 Qd5 28. Be3 Bd6 29. Nxg6 fxg6 30. h3 c5 31. Rc1 Qh5 32. dxc5 Bxc5 33. Bxc5 Qxc5 34. Rd1 Rxd1+ 35. Qxd1 Qb5 36. Qc2 Qe5 37. Qd2 Qb5 38. b3 Qc6 39. Kf1 Qe4 40. f3 Qe7 41. Qd4 Qc7 42. Kf2 b5 43. c4 Qa5 44. cxb5 Qxa2+ 45. Kg3 axb5 46. Qd3 Qa5 47. Kf2 b4 48. f4 Qa2+ 49. Kf3 Qa8+ 50. Qe4 Qa3 51. Qc2 Qa8+ 52. Ke3 Qa5 53. Kf3 Qd5+ 54. Ke3 Qa5 55. h4 h5 56. Kf3 Qd5+ 57. Kg3 Qe6 58. Qd1 Qe3+ 59. Qf3 Qe1+ 60. Qf2 Qc3+ 61. Qf3 Qe1+ 62. Kh3 Qh1+ 1/2-1/2

[Event "TUR-ch (Women)"]
[Site "Aksu"]
[Date "2017.03.10"]
[Round "9"]
[White "Ikizler, Mualla Hatun"]
[Black "Aygun, Helin Beren"]
[Result "1-0"]
[WhiteElo "1384"]
[BlackElo "1279"]
[PlyCount "158"]
[EventDate "2017.03.06"]
[EventType "swiss"]
[EventRounds "9"]
[EventCountry "TUR"]
[SourceTitle "CBM 177 Extra"]
[Source "ChessBase"]
[SourceDate "2017.04.27"]
[SourceVersion "1"]
[SourceVersionDate "2017.04.27"]
[SourceQuality "1"]

1. e4 e5 2. Nf3 Nf6 3. d3 Nc6 4. c3 Bc5 5. h3 d6 6. Bg5 h6 7. Bh4 a5 8. Be2 Be6 9. a4 0-0 10. 0-0 Re8 11. d4 exd4 12. cxd4 g5 13. Bg3 Nxe4 14. dxc5 Nxg3 15. fxg3 dxc5 16. Bb5 Bd7 17. Bxc6 Bxc6 18. Qb3 Bd5 19. Qc3 Qd6 20. Kh2 b6 21. Nbd2 Re2 22. Rae1 Rae8 23. Rxe2 Rxe2 24. Re1 Bxf3 25. Nxf3 Rxe1 26. Qxe1 Qc6 27. b3 Qd5 28. Qc3 Qe6 29. Ne1 Qd6 30. Nc2 Qd1 31. Na3 Qd4 32. Qf3 Qd7 33. Qb7 Qd3 34. Qxc7 Qxb3 35. Nb5 Qxa4 36. Nd6 Qb3 37. Nf5 Qe6 38. Ne7+ Kg7 39. Nc6 c4 40. Qxb6 c3 41. Qc5 Qb3 42. Nxa5 Qb2 43. Nc4 Qa1 44. Ne3 Qc1 45. Qd4+ Kg6 46. Qe4+ Kg7 47. Nf5+ Kf6 48. Nd4 Qd2 49. Qf5+ Kg7 50. Qe5+ Kg6 51. Qe4+ Kg7 52. Nc2 Kg8 53. Qa4 Qd1 54. Qb3 Qd2 55. Qb1 Qd3 56. Qa2 Qd2 57. Qb3 Qd3 58. Ne1 Qd2 59. Nf3 Qe3 60. Qc2 Qc5 61. Ng1 Qe3 62. Nf3 Kg7 63. Qb1 Qe2 64. Nd4 Qb2 65. Qf5 Qb4 66. Qe5+ Kf8 67. Qh8+ Ke7 68. Nc6+ Ke6 69. Nxb4 Kd6 70. Qxc3 f5 71. Nd3 f4 72. gxf4 gxf4 73. Qe5+ Kd7 74. Qxf4 Ke7 75. Qxh6 Kd7 76. g4 Ke7 77. g5 Kd7 78. g6 Kc7 79. g7 Kd8 1-0